000 00737nam a2200277Ia 4500
005 20260324114551.0
008 008 260324s9999 xx 000 0 eng d
020 _a9781003220176
037 _aEBOOK
040 _aCRL
040 _beng
040 _cCRL
041 _2eng
041 _aeng
084 _qCRL
100 _aMohan Lal Kolhe; Kailash J. Karande; Sampat G. Deshmukh
_91151289
245 0 _aArtificial Intelligence, Internet of Things (IoT) and Smart Materials for Energy Applications
260 _bTaylor and Francis
260 _c2022
365 _a
365 _b260
856 _uhttp://www.taylorfrancis.com/books/9781003220176
942 _cEBOOK
999 _c1741546
_d1741546